Quick Pick: Mario Kart 8 Tracks Quiz Stats

 Plays Quiz Updated Jul 6, 2017

Support Sporcle.
Go Orange.
Score 0/16 Timer 01:00
0 Plays Today
% Correct
Rainbow Road
91.7%
Bowser's Castle
89.6%
Mario Kart Stadium
86.6%
Mario Circuit
85.4%
Toad Harbor
82.8%
Sweet Sweet Canyon
82.8%
Shy Guy Falls
82.1%
Twisted Mansion
81.7%
% Correct
Bone Dry Dunes
81.2%
Sunshine Airport
80.7%
Cloudtop Cruise
80.1%
Mount Wario
79.4%
Thwomp Ruins
75.6%
Dolphin Shoals
75.4%
Electrodrome
74.8%
Water Park
73.3%

Today's Daily Dose

Word Ladder
New Dimensions!

Quick Pick
'Animal' Fish

Get the Picture
Bird or Food?

You're not logged in!

Compare scores with friends on all Sporcle quizzes.
OR
Log In
Forgot?

From the Vault

Movie Protagonists by Worldview

by Hejman

It's always good to have a strong personal philosophy.
Remove Ads.
Support Sporcle.
Get the best of Sporcle when you Go Orange. This ad-free experience offers more features, more stats, and more fun while also helping to support Sporcle. Thank you for becoming a member.

Show Comments

Extras

Top Quizzes Today


Score Distribution

Your Account Isn't Verified!

In order to create a playlist on Sporcle, you need to verify the email address you used during registration. Go to your Sporcle Settings to finish the process.

Report this User

Report this user for behavior that violates our Community Guidelines.

Details: